Tvorba cien v malých a stredných podnikoch

Tvorba cien v malých a stredných podnikoch. Stanovenie minimálnej ceny. Výpočet režijnej prirážky. Stanovenie režijnej prirážky pre správnu réžiu.

Na minha lista:
Detalhes bibliográficos
Autor principal: Bujnová, Darina
Formato: Capítulo de Livro
Idioma:eslovaco
Assuntos:
Tags: Adicionar Tag
Sem tags, seja o primeiro a adicionar uma tag!

MARC

LEADER 00000naa a2200000 4500
001 r023364
005 20230811094132.7
041 0 |a slo 
044 |a SK 
245 1 0 |a Tvorba cien v malých a stredných podnikoch  |c D. Bujnová 
520 |a Tvorba cien v malých a stredných podnikoch. Stanovenie minimálnej ceny. Výpočet režijnej prirážky. Stanovenie režijnej prirážky pre správnu réžiu. 
610 2 0 |a ceny 
610 2 0 |a podnik malý 
610 2 0 |a podnik stredný 
100 1 |a Bujnová, Darina